000 01161cam a2200265 4500
001 ABS65785
008 020731n2002 000 0 eng u
035 _a(Sirsi) u119120
100 _aPotter, A
245 _aSite compliance: a decision-maker's guide
260 _c2002
490 _aWastes Management
_vJuly 2002, 26-28(3)
520 _aSite classification selection is probably the most significant Landfill Directive compliance decision for site operators. Highlights the key issues that site operators should consider when determining which site classification to seek via their site conditioning plan. These include landfill ban dates; physical, economic and legal factors; predicted pattern of sites; treatment guidance and waste acceptance procedures.
590 _aABS
650 _aDIRECTIVE 99/31/EC
650 _aENVIRONMENT AGENCY
650 _aCONDITIONING PLANS
650 _aLANDFILL OPERATORS
650 _aSITE OPERATORS
650 _aCOMPLIANCE
650 _aHAZARDOUS WASTE
650 _aPOLLUTION PREVENTION AND CONTROL REGULATIONS 2000
690 _aENVIRONMENTAL AND LAND CONSULTANCY-WASTE MANAGEMENT
942 _n0
999 _c70854
_d70854